Tel-Aviv sans répit / (Record no. 32617)
[ view plain ]
| 000 -LEADER | |
|---|---|
| campo de control de longitud fija | 01273cam a2200385Ma 4500 |
| 001 - NÚMERO DE CONTROL | |
| campo de control | 78683 |
| 005 - FECHA Y HORA DE LA ÚLTIMA TRANSACCIÓN | |
| campo de control | 20230410105232.0 |
| 008 - DATOS DE LONGITUD FIJA--INFORMACIÓN GENERAL | |
| campo de control de longitud fija | 090205s2009 fr a b 000 0 fre d |
| 010 ## - NÚMERO DE CONTROL DE LA BIBLIOTECA DEL CONGRESO | |
| Número de control de LC | 2009402877 |
| 035 ## - NÚMERO DE CONTROL DEL SISTEMA | |
| Número de control de sistema | (OCoLC)ocn429503983 |
| 040 ## - FUENTE DE CATALOGACIÓN | |
| Centro catalogador/agencia de origen | LVB |
| Lengua de catalogación | fre |
| Centro/agencia transcriptor | LVB |
| Centro/agencia modificador | BDF |
| 020 ## - NÚMERO INTERNACIONAL ESTÁNDAR DEL LIBRO | |
| Número Internacional Estándar del Libro | 9782746712355 |
| 020 ## - NÚMERO INTERNACIONAL ESTÁNDAR DEL LIBRO | |
| Número Internacional Estándar del Libro | 2746712350 |
| 029 1# - OTRO NÚMERO DE CONTROL DE SISTEMA (OCLC) | |
| Identificador de la biblioteca OCLC | ZWZ |
| Número de control de sistema | 131839152 |
| 035 ## - NÚMERO DE CONTROL DEL SISTEMA | |
| Número de control de sistema | (OCoLC)429503983 |
| 043 ## - CÓDIGO DE ÁREA GEOGRÁFICA | |
| Código de área geográfica | a-is--- |
| 050 14 - SIGNATURA TOPOGRÁFICA DE LA BIBLIOTECA DEL CONGRESO | |
| Número de clasificación | DS110.T35 |
| Número de ítem | B68 2009 |
| 082 1# - NÚMERO DE LA CLASIFICACIÓN DECIMAL DEWEY | |
| Número de clasificación | 306.095 69 |
| Número de edición | 22 |
| 100 1# - ENTRADA PRINCIPAL--NOMBRE DE PERSONA | |
| Nombre de persona | Bouganim, Ami, |
| Fechas asociadas al nombre | 1951- |
| 245 10 - MENCIÓN DEL TÍTULO | |
| Título | Tel-Aviv sans répit / |
| Mención de responsabilidad, etc. | Ami Bouganim ; photographies de Moti Milrod. |
| 246 18 - FORMA VARIANTE DEL TITULO | |
| Título propio/Titulo breve | Tel-Aviv |
| 260 ## - PUBLICACIÓN, DISTRIBUCIÓN, ETC. | |
| Lugar de publicación, distribución, etc. | Paris : |
| Nombre del editor, distribuidor, etc. | Autrement, |
| Fecha de publicación, distribución, etc. | c2009. |
| 300 ## - DESCRIPCIÓN FÍSICA | |
| Extensión | 340 p. : |
| Otras características físicas | ill. ; |
| Dimensiones | 23 cm. |
| 490 1# - MENCIÓN DE SERIE | |
| Mención de serie | Collection Villes en mouvement |
| 504 ## - NOTA DE BIBLIOGRAFÍA, ETC. | |
| Nota de bibliografía, etc. | Bibliogr.: p. 339. |
| 651 #6 - PUNTO DE ACCESO ADICIONAL DE MATERIA--NOMBRE GEOGRÁFICO | |
| Nombre geográfico | Tel-Aviv (Israèel) |
| Subdivisión general | M¶urs et coutumes. |
| 651 #6 - PUNTO DE ACCESO ADICIONAL DE MATERIA--NOMBRE GEOGRÁFICO | |
| Nombre geográfico | Tel-Aviv (Israèel) |
| Subdivisión general | Vie intellectuelle. |
| 650 #7 - PUNTO DE ACCESO ADICIONAL DE MATERIA--TÉRMINO DE MATERIA | |
| Término de materia o nombre geográfico como elemento de entrada | Vie urbaine |
| Subdivisión geográfica | Israèel |
| -- | Tel-Aviv (Israèel) |
| Subdivisión cronológica | 1945-.... |
| Fuente del encabezamiento o término | ram |
| 651 #7 - PUNTO DE ACCESO ADICIONAL DE MATERIA--NOMBRE GEOGRÁFICO | |
| Nombre geográfico | Tel-Aviv (Israèel) |
| Subdivisión general | Vie intellectuelle |
| Subdivisión cronológica | 1945-.... |
| Fuente del encabezamiento o término | ram |
| 651 #7 - PUNTO DE ACCESO ADICIONAL DE MATERIA--NOMBRE GEOGRÁFICO | |
| Nombre geográfico | Tel-Aviv (Israèel) |
| Subdivisión general | Conditions sociales |
| Subdivisión cronológica | 1945-.... |
| Fuente del encabezamiento o término | ram |
| 700 1# - ENTRADA AGREGADA--NOMBRE PERSONAL | |
| Nombre de persona | Milrod, Moti, |
| Fechas asociadas al nombre | 1972- |
| 830 #0 - PUNTO DE ACCESO ADICIONAL DE SERIE-TÍTULO UNIFORME | |
| Título uniforme | Collection Villes en mouvement (âEditions Autrement) |
| 942 ## - ELEMENTOS DE ENTRADA SECUNDARIOS (KOHA) | |
| Fuente del sistema de clasificación o colocación | Clasificación de Library of Congress |
| Tipo de ítem Koha | |
| 994 ## - | |
| -- | C0 |
| -- | DRFGD |
| Estatus retirado | Estado de pérdida | Fuente del sistema de clasificación o colocación | Estado de daño | No para préstamo | Colección | Biblioteca de origen | Biblioteca actual | Ubicación en estantería | Fecha de adquisición | Serial enumeration / chronology | Signatura topográfica completa | Código de barras | Visto por última vez | Copia número | Tipo de ítem Koha |
|---|---|---|---|---|---|---|---|---|---|---|---|---|---|---|---|
| Clasificación de Library of Congress | Recursos Regionales | Biblioteca Juan Bosch | Biblioteca Juan Bosch | Recursos Regionales (2do. Piso) | 10/04/2023 | 3 | DS110.T35 B68 2009 | 00000067683 | 23/10/2018 | 1 |
